000 00292nam a22001337a 4500
082 _a220
_bHOS/B
100 _aHOSANNA MOUNT
245 _aMALAYALAM BIBLE
250 _a13 TH EDITION
260 _aEDAMATTOM
_bHOSANNA MOUNT
_c2010
300 _a358
650 _aRELIGIOUS
_zKERALA
942 _cBK
999 _c5263
_d5263